Statistics for Taylor Swift - Teardrops On My Guitar Lyrics

Click here to take the quiz!

General Stats

  • This quiz has been taken 13 times
  • The average score is 237 of 288

Answer Stats

Answer% Correct
a
100%
about
100%
be
100%
for
100%
He
100%
he
100%
He's
100%
he's
100%
I
100%
me,
100%
me
100%
on
100%
only
100%
so
100%
So
100%
That
100%
that
100%
the
100%
The
100%
to
100%
with
100%
'cause
90%
'Cause
90%
girl
90%
got
90%
guitar
90%
her
90%
just
90%
love
90%
love,
90%
my
90%
night
90%
reason
90%
She
90%
she's
90%
star
90%
talks
90%
teardrops
90%
when
90%
wish
90%
wishing
90%
without
90%
and
80%
And
80%
at
80%
car
80%
could
80%
Drew
80%
even
80%
everything
80%
fake
80%
funny
80%
have
80%
him
80%
in
80%
it
80%
it's
80%
know
80%
laugh
80%
live
80%
Look
80%
looks
80%
one
80%
see
80%
should
80%
smile
80%
tell
80%
thing
80%
think
80%
want
80%
we
80%
why
80%
won't
80%
all
70%
anyone
70%
beautiful,
70%
beautiful
70%
bet
70%
breathe?
70%
but
70%
But
70%
by
70%
can
70%
can't
70%
do
70%
don't
70%
I'll
70%
I'm
70%
keep
70%
keeps
70%
need
70%
of
70%
says
70%
singing,
70%
song
70%
there
70%
those
70%
as
60%
eyes
60%
his
60%
if
60%
kind
60%
never
60%
out
60%
perfectly
60%
walks
60%
who's
60%
alone,
50%
break
50%
enough
50%
fall
50%
finally
50%
flawless
50%
get
50%
give
50%
goes,
50%
heart
50%
into
50%
knows
50%
lucky
50%
needing
50%
picture
50%
right
50%
tight,
50%
time
50%
turn
50%
wonder
50%
better
40%
down
40%
drive
40%
hold
40%
home
40%
light
40%
maybe
40%
put
40%
sleep
40%
some
40%
taken
40%
there's
40%
tonight
40%
up,
40%

Score Distribution

Percentile by Number Answered

Percent of People with Each Score

Your Score History

You have not taken this quiz